|
|
|
|
| LEADER |
00717nta a2200205 i 4500 |
| 001 |
dokt7935 |
| 005 |
20221019130410.0 |
| 008 |
221019s1976 hu om 0|| hun d |
| 040 |
|
|
|a SZTE Doktori Repozitórium
|b hun
|
| 041 |
|
|
|a hun
|
| 100 |
1 |
|
|a Simon Endre
|
| 245 |
1 |
0 |
|a Software eszközök programozási nyelvek és rendszerek definiálására
|h [elektronikus dokumentum] /
|c Simon Endre
|
| 260 |
|
|
|c 1976
|
| 502 |
|
|
|a Disszertacio
|
| 650 |
|
4 |
|a informatikai tudományok
|
| 650 |
|
4 |
|a Természettudományok
|
| 650 |
|
4 |
|a Számítás- és információtudomány
|
| 695 |
|
|
|a Informatika
|
| 700 |
1 |
|
|a Kalmár László
|e ths
|
| 856 |
4 |
0 |
|u https://doktori.bibl.u-szeged.hu/id/eprint/7935/1/1976_simon_endre.pdf
|z Dokumentum-elérés
|